| 000 | 00358pab a2200133 454500 | ||
|---|---|---|---|
| 008 | 180718b2015 xxu||||| |||| 00| 0 eng d | ||
| 100 | _aCoonrod, John | ||
| 245 | _aParticipatory local democracy: key to community-led rural development | ||
| 260 | _c2015 | ||
| 300 | _ap.333-340. | ||
| 650 | _aRural development | ||
| 773 | _aDevelopment | ||
| 909 | _a114691 | ||
| 999 |
_c114685 _d114685 |
||